000 00337nam a2200157Ia 4500
003 IT-RoPAU
008 120407s9999 xx 000 0 und d
040 _aIT-RoPAU
040 _cIT-RoPAU
100 _aJosep Abella
245 _aPentateuco. Perché l'uomo viva
260 _aDehoniane
300 _c cm
490 _v1
942 _cBK
999 _c2495
_d2495